| 000 | 00977cam a2200277Mi 4500 | ||
|---|---|---|---|
| 005 | 20181123092556.0 | ||
| 008 | 160812s1997 ag fr 000 0 spa d | ||
| 020 | _a9501221261 | ||
| 020 | _a9789501221268 | ||
| 035 | _a(OCoLC)777740831 | ||
| 040 |
_aCO-BoUCM _bspa _cSandra Palacio _dSandra Palacio |
||
| 041 | _aspa | ||
| 100 | 1 |
_aLitwin, Edith _978623 |
|
| 245 | 1 | 4 |
_aLas configuraciones didácticas _buna nueva agenda para la enseñanza superior _cEdith Litwin |
| 260 |
_aBuenos Aires (Argentina) _bPaidós _c1997 |
||
| 300 | _a160 páginas | ||
| 490 | 0 |
_aPaidós educador _x126 |
|
| 504 | _aIncluye referencias bibliográficas | ||
| 650 | 7 |
_9177 _aEducación superior _xTeoría de la enseñanaza |
|
| 650 | 7 |
_922802 _aPsicología cognitiva _xEnseñanza |
|
| 650 | 7 |
_919450 _aMétodos de estudio |
|
| 650 | 7 |
_921215 _aPedagogía |
|
| 690 |
_aEducación superior _9177 |
||
| 942 |
_2DEWEY _cLIBRO _a10 _e1 _h378.001 _mL782cd |
||
| 999 |
_c303971 _d303971 |
||